Quizzes
Events
Quiz Creation
Community
Videos
Private Events
Remove Ads
Sign In
Join for FREE
Feedback
Dark Mode
Quiz Categories
Sports
Geography
Music
Movies
Television
Just For Fun
Miscellaneous
History
Literature
Language
Science
Gaming
Entertainment
Religion
Holiday
For Kids
Quiz Lab
Recent
Popular Today
Quiz Kudos Today
Editor Picks
Curator Picks
Quizzes by...
Day
Popularity
Type
Ratings
Length
Year
Community
Subscriptions
Recent Discussions
Orange Saloon
Badges
Playlists
Quests
Create
Leaderboards
Showdown
Live 5
Trivia Bingo
Activity
Puzzle Library
Sporcle Events
Private Events
Virtual Trivia
Globe League
Become a Host
Pub Owners
SporcleCon
Opinionation
Our Games
Videos
Blog
Mobile Apps
Partnerships
Remove Ads and Go Orange
Feedback
Movies
Disney
Marvel Cinematic Universe
Movie Resume
Movie Titles
Oscar
Actor
Actress
Director
Pixar
Role
Movie Quotes
Movie Characters
Box Office
Nominee
Best Picture
Star Wars
James Bond
Horror Movies
Movies
Disney
Marvel Cinematic Universe
Movie Resume
Movie Titles
Oscar
Actor
Actress
Director
Pixar
Role
Movie Quotes
Movie Characters
Box Office
Nominee
Best Picture
Star Wars
James Bond
Horror Movies
Random Quiz
Search Sporcle
×
Quiz Lab
Quiz Lab
Movies
Actor
Type in answers that appear in a list
Type in answers that appear in a list
Classic
Best Score? Go Orange.
Actor's #1 Movies Stats
Can you name the Actor's #1 Movies?
By
guilly212
15m
69 Questions
82 Plays
82 Plays
82 Plays
Comments
Comments
Give Quiz Kudos
Give Quiz Kudos
-
- Ratings
hide this ad
Replay
Link that replays current quiz
Next Quiz
Link to next quiz in quiz playlist
You Got
0%
They Got
Avg Score
51%
Avg Friend Score
Upgrade to see
Score Distribution
Jump to the score distribution portion of the page
Score
0/69
Timer
15:00
0
Plays Today
Actor
Movie
% Correct
Al Pacino
The Godfather
79.3%
Robert Downey Jr.
Iron Man
79.3%
Christian Bale
The Dark Knight
78%
Leonardo DiCaprio
Inception
75.6%
Russell Crowe
Gladiator
72%
Tom Hanks
Forrest Gump
70.7%
Sylvester Stallone
Rocky
70.7%
Arnold Schwarzenegger
The Terminator
69.5%
Tobey Maguire
Spider-Man
67.1%
Anthony Hopkins
The Silence of the Lambs
65.9%
Matt Damon
Good Will Hunting
64.6%
Mel Gibson
Braveheart
64.6%
Bruce Willis
Die Hard
63.4%
Jack Nicholson
One Flew Over the Cuckoo's Nest
62.2%
Daniel Day-
Lewis
There Will Be Blood
62.2%
Edward Norton
Fight Club
62.2%
Keanu Reeves
The Matrix
62.2%
Hugh Jackman
X-Men
61%
Jesse Eisenberg
The Social Network
61%
Jonah Hill
Superbad
61%
Kevin Spacey
American Beauty
59.8%
Morgan Freeman
The Shawshank Redemption
59.8%
Samuel L. Jackson
Pulp Fiction
59.8%
Daniel Craig
Skyfall
59.8%
George Clooney
Ocean's Eleven
58.5%
Harrison Ford
Raiders of the Lost Ark
58.5%
Will Ferrell
Anchorman
58.5%
Robert De Niro
Goodfellas
57.3%
Tom Cruise
Top Gun
57.3%
Denzel Washington
Training Day
56.1%
Ian McKellen
The Lord of the Rings
56.1%
Philip Seymour Hoffman
Capote
53.7%
Kevin Costner
Dances with Wolves
53.7%
Don Cheadle
Hotel Rwanda
53.7%
Woody Allen
Annie Hall
53.7%
Actor
Movie
% Correct
Eddie Murphy
Beverly Hills Cop
52.4%
Jeff Bridges
The Big Lebowski
51.2%
Matthew McConaughey
Dallas Buyers Club
51.2%
Mickey Rourke
The Wrestler
51.2%
Guy Pearce
Memento
50%
James Franco
127 Hours
50%
Bill Murray
Groundhog Day
50%
Liam Neeson
Schindler's List
50%
Sean Penn
Mystic River
48.8%
Nicolas Cage
Leaving Las Vegas
47.6%
Michael Cera
Juno
47.6%
Jake Gyllenhaal
Donnie Darko
46.3%
Bradley Cooper
The Hangover
46.3%
Robin Williams
Mrs. Doubtfire
45.1%
Billy Crystal
When Harry Met Sally
45.1%
Steve Carell
The 40-Year-Old Virgin
45.1%
Dustin Hoffman
The Graduate
43.9%
Tom Hardy
The Dark Knight Rises
43.9%
Clint Eastwood
Million Dollar Baby
41.5%
Martin Sheen
Apocalypse Now
41.5%
Adam Sandler
Happy Gilmore
41.5%
Johnny Depp
Edward Scissorhands
39%
Joaquin Phoenix
Her
36.6%
Owen Wilson
Wedding Crashers
35.4%
Jim Carrey
Eternal Sunshine of the Spotless Mind
34.1%
Steve Buscemi
Reservoir Dogs
32.9%
Jason Sudeikis
Horrible Bosses
29.3%
Ben Stiller
Meet the Fockers
25.6%
Brad Pitt
Inglourious Basterds
24.4%
Will Smith
The Pursuit of Happyness
24.4%
Mark Wahlberg
Boogie Nights
24.4%
Ben Affleck
Gone Girl
23.2%
Michael Douglas
The Game
17.1%
Nick Nolte
Cape Fear
15.9%
Quiz Playlist
Details
Report
Send in Message
Add To Playlist
Classic:
Type in answers that appear in a list
Last Updated: Feb 16, 2017
Quiz Scoreboard
CHALLENGE
Sign Up to Join the Scoreboard
Show All
Scores
Hide
Comments
May contain spoilers
Recently Published
Movies - When Are They Set?
by FPL_Elf
Movies
5m
Popular People in 1961
by mucciniale
History
6m
1-10 Letter E Words III
by El_Dandy
Language
2m
More to Explore
Quiz From the Vault
Featured Blog Post
Where Did the Easter Bunny Come From?
hide this ad
You Might Also Like...
Tags
Actor Quiz
Today's Top Quizzes in Movies
Browse Movies
hide this ad
Today's Top Quizzes in Actor
Browse Actor
Top Contributed Quizzes in Movies
1
Pick 5 Posters: Directed by Spielberg
2
Multi-Oscar Nominations, One Movie, One Winner
3
One Thing in Common: Movies
4
12 Movies about Fictional 1960s Events
5
One Thing in Common: Movies II
6
Sunday Crossword: Film Score Composers
7
Three Word 'H' Movies Match Up
8
Three Word 'T' Movies Match Up
9
One Thing in Common: Oscars
10
Three Word 'M' Movies Match Up
Explore More
Trending Topics
Crossword
NBA
Kpop
Anime
Disney
Marvel
Harry Potter
The Office
Pokémon
Country
Song
WWE
Soccer
NFL
Puzzle
hide this ad
More By:
guilly212
Quiz
Plays
Rating
Category
Featured
Created
50 Actor Connections
837
4.24
Movies
Mar 15, 2015
The Best Movies of the 70s, 80s, 90s
447
3.13
Movies
Oct 28, 2014
Top Paid Actors
433
3.92
Movies
Dec 14, 2014
Top 100 Party Schools of 2016 (According to Niche)
383
3.00
Miscellaneous
Mar 31, 2016
NFL's Top 50 Fantasy Wide Receivers of 2014
321
3.67
Sports
Oct 16, 2014
Go to Creator's Profile
Score Distribution
Quiz Creator Spotlight
guilly212
Follow
Send a Message
Quizzes Created
-
Created Quiz Play Count
-
More By This Creator
Popular Quizzes Today
1
Find the Countries of Europe - No Outlines Minefield
2
Find the US States - No Outlines Minefield
3
The Countries of the World
4
Popular People in 1961
5
1-10 Letter E Words III
6
US States
7
Find the US States
8
One Thing in Common: World Cities II
More Movies Quizzes
Kevin Costner Movies by any 3 Letters
Quiz Lab
Trending Quizzes
Risky Map Clicking: Least Populous States A-Z
Humor Books: The Subtitles
1-10 Letter F Words
1-10 Letter G Words
One Thing in Common: United Kingdom
Recently Updated
Leaping Animals
pecheneg
Reality TV Shows (A-Z)
bhenderson79
Rickey Henderson's Hall of Fame Teammates
pecheneg
Champions League XIs: Arsenal
pecheneg
Quick Pick: Celebrities in WWE's Hall of Fame
aduchscher
A-Z Keypad Blitz II
pecheneg
Multiple Oscar Actors
pecheneg
Mystery Phrase Blitz: Oscar 'Best Actors'
pecheneg
F. Scott Fitzgerald Novels
LTH
Pick 3 Villains
ddd62291
Trending Topics
Kpop
Anime
Marvel
Harry Potter
Crossword
NBA
Disney
Country
Song
Puzzle
Soccer
NFL
WWE
The Office
Pokémon
Your Account Isn't Verified!
In order to create a playlist on Sporcle, you need to verify the email address you used during registration. Go to your
Sporcle Settings
to finish the process.
Report this User
Report this user for behavior that violates our
Community Guidelines
.
Details:
Send Report
Go to the Sporcle.com Mobile Site →
Comments